Virtuální polytechnická knihovna - Souborný katalog - Úplný záznam dokumentu - MARC Uživatel: --- 
-----nas  22-----zu 4500
001 SKVPK0031856
003 CZ-VPK
005 20260422120832.0
008 260422d19171971||||| | |||  ||   |||||||
022   $a0030-1469
040   $aABA013$bcze
222  0$aOil, paint and drug reporter the chemical marketing newspaper
245 00$aOil, paint and drug reporter the chemical marketing newspaper
260   $aSpojené státy americké :$b New York : Schnell Publ., 1917,$c1917-1971
650 07$achemie$xch$2psh
780 00$tPříloha: OPD chemical buyers directory$x0276-539X
780 00$tOil, paint and drug reporter and New York druggists price current
785 00$tChemical marketing reporter$x0090-0907
785 00$tODP-the Chemical marketing newspaper
910   $aABA013$r1957-1966, 1969
OAI-PMH
 čtvrtek 14.05.2026 02:30:20 © 2001-2015 Národní technická knihovna 

[Virtuální polytechnická knihovna] [Servisní centrum] [Souborný katalog]